Entry Konu Terimi
001 - KONTROL NUMARASI
- Kontrol alanı: 113443
003 - KONTROL NUMARASI KİMLİĞİ
- Kontrol alanı: TR-BiSEU
005 - SON İŞLEM TARİHİ VE ZAMANI
- Kontrol alanı: 20260207004330.0
008 - SABİT UZUNLUKTAKİ VERİ ÖGELERİ - GENEL BİLGİ
- Sabit uzunlukta kontrol alanı: 260207|| aca||aabn | a|a d
040 ## - KATALOGLAMA KAYNAĞI
- Özgün kataloglama kurumu: TR-BiSEU
- Çeviri kurumu: TR-BiSEU
150 ## - KONU BAŞLIKLARI - KONU TERİMİ
- Konu terimi: Mimari--Türkiye--Kongreler
670 ## - BİLGİNİN KAYNAĞI
- Bilginin alındığı kaynak: KOHA: (TR-BiSEU)61020: Türk Kültürü Kongresi : Cumhuriyetten Günümüze Türk Kültürünün Dünü, Bugünü ve Geleceği : Gelenek-Görenek, Örf-Adet, Giyim-Kuşam (5. : 2002 : Ankara) 113438, V. Türk Kültürü Kongresi :
